| 000 | 00448nam a22001817a 4500 | ||
|---|---|---|---|
| 005 | 20230109102652.0 | ||
| 008 | 221219b |||||||| |||| 00| 0 eng d | ||
| 020 | _a978-81204-0994-1 | ||
| 041 | _aeng | ||
| 082 | _a631.52 AGR-S | ||
| 100 |
_aAGRARWAL , RATAN LAL _97403 |
||
| 245 | _aSEED TECHNOLOGY | ||
| 250 | _a2nd ed. | ||
| 260 |
_bCSB PUBLICATION & DISTRIBUTORS _c2020 |
||
| 300 | _a829;P | ||
| 650 |
_aAGRICULTURE _92837 |
||
| 942 | _cBK | ||
| 999 |
_c8128 _d8126 |
||